00493 2200193 4500001002100000005001500021008004100036035001900077041000700096082001600103090002000119100001100139700001900150245004200169250002000211260002600231300002600257650001600283INLIS00000000000123220241224112318241224||||||||| | ||| |||| || |  0010-1224001232 aid0 a371.270 076 a371.270 076 UAN0 aet. al0 aD. Budimansyah00aPersiapan Menghadapi UAN SMU IPS 2004 a5 Tahun Lengkap aBandungbEpsilon Grup avi, 538 hlm. : 23 cm. 0aIlmu Sosial